Meninos de Todas as Cores (Registo nº 31399)

Detalhes MARC
000 -Etiqueta do registo
Valores 00597nam a2200217 4500
010 ## - Número ISBN
ISBN 9789727126187
021 ## - Número do Depósito Legal
-- PT
Número 315569/10
090 ## -
-- 31399
100 ## - Dados gerais de processamento
Dados gerais 20100315d2010 adc 0pory5003 ba
101 ## - Língua de publicação
-- por
102 ## - País de publicação
-- PT
200 1# - Titulo e menção de responsabilidade
Título próprio Meninos de Todas as Cores
Primeira menção de responsabilidade Luísa Duclas Soares
Outras menções de responsabilidade il. Cristina Malaquias
210 ## - Publicação
Local de publicação Alfragide
Nome do editor Novagaia
Data de publicação 2010
215 ## - Descrição física 
Paginação / Volumes 63, [3] p.
Dimensões 28cm
606 ## - Nome comum usado como assunto
ID Autoridade 187
Palavra de ordem Histórias para crianças
675 ## - CDU
Notação 087.5
-- 2104
700 #1 - Autor principal (pessoa individual)
Apelido Soares
Nome Luísa Ducla
702 #1 - Autor secundário (pessoa individual)
Apelido Malaquias
Nome Cristina
-- 440
ID Autoridade 448
801 ## - Fonte de origem
País PT
Regras de catalogação RPC
990 ## - Elementos KOHA
Tipo de documento Livro
995 ## - Localização e informação dos exemplares
-- 18
Exemplares
Situação do levantamento Estado Biblioteca de origem Biblioteca de empréstimo Código de barras Cota Permissão de empréstimo Tipo de documento Nota relativa ao exemplar
  Completo Biblioteca Municipal de Viana Do Alentejo Biblioteca Municipal de Viana Do Alentejo 0032065 087.5 SOA Disponível Livro 0-5 anos
  Completo Biblioteca da Escola Básica e Secundária Dr Isidoro de Sousa Biblioteca da Escola Básica e Secundária Dr Isidoro de Sousa 6531EV 087.5 SOA Disponível Livro  




Powered by Koha